| 000 | 00666nam a2200229Ia 4500 | ||
|---|---|---|---|
| 003 | OSt | ||
| 005 | 20221005133652.0 | ||
| 006 | a|||||r|||| 00| 0 | ||
| 007 | ta | ||
| 008 | 221004b |||||||| |||| 00| 0 hin d | ||
| 024 | _a48571 | ||
| 037 | _cTextual | ||
| 040 |
_aCRL _cCRL _bhin |
||
| 041 |
_2hin _ahin |
||
| 082 | _aQ23:226, 15L0.1-.2 | ||
| 100 | _aशर्मा, श्रीराम, सम्पा | ||
| 245 | 0 | _aस्कन्दपुराण | |
| 246 | _aSkandapurāṇa | ||
| 260 | _c1973 | ||
| 942 |
_hQ23:226, 15L0.1-.2 _cTEXL _2cc |
||
| 999 |
_c1067488 _d1067488 |
||